书目信息 |
| 题名: |
化学助滤剂
|
|
| 作者: | 胡筱敏 著 | |
| 分册: | ||
| 出版信息: | 北京 冶金工业出版社 1999 |
|
| 页数: | 163页 | |
| 开本: | 19cm | |
| 丛书名: | ||
| 单 册: | ||
| 中图分类: | TQ047.1 | |
| 科图分类: | ||
| 主题词: | 助剂 , 化学工业--辅助材料 | |
| 电子资源: | ||
| ISBN: | 7-5024-2307-9 | |
| 000 | 00559nam0 2200205 45 | |
| 001 | 0309171435 | |
| 005 | 20031219104114.9 | |
| 010 | @a7-5024-2307-9@dCNY13.00 | |
| 100 | @a20030917d1999 km y0chiy0120 ea | |
| 101 | 0 | @achi |
| 105 | @aa z 000yy | |
| 200 | 1 | @a化学助滤剂@AHua Xue Zhu Lu Ji@f胡筱敏著@FHu Xiao Min Zhu |
| 210 | @a北京@c冶金工业出版社@d1999 | |
| 215 | @a163页@c插图@d19cm | |
| 606 | 0 | @a助剂 |
| 606 | 0 | @a化学工业@x辅助材料 |
| 690 | @aTQ047.1@v4 | |
| 701 | @a胡筱敏@4著 | |
| 801 | @aCN@bTSTC@c20030917 | |
| 905 | @b325544-548@dTQ047.1@e60@f5 | |
| 化学助滤剂/胡筱敏著.-北京:冶金工业出版社,1999 |
| 163页:插图;19cm |
| ISBN 7-5024-2307-9:CNY13.00 |
| ● |
| 相关链接 |
|
|
|
|
正题名:化学助滤剂
索取号:TQ047.1/60
 
预约/预借
| 序号 | 登录号 | 条形码 | 馆藏地/架位号 | 状态 | 备注 |
| 1 | 0325544 | 203255440 | 第三借阅区/ [索取号:TQ047.1/60] | 在馆 | |
| 2 | 0325545 | 203255459 | 第三借阅区/ [索取号:TQ047.1/60] | 在馆 | |
| 3 | 0325546 | 203255468 | 第三借阅区/ [索取号:TQ047.1/60] | 在馆 | |
| 4 | 0325547 | 203255477 | 第三借阅区/ [索取号:TQ047.1/60] | 在馆 | |
| 5 | 0325548 | 203255486 | 第二样本阅览室/ [索取号:TQ047.1/60] | 在馆 |